000 00520nam a2200217Ia 4500
003 OSt
005 20220928144937.0
006 a|||||r|||| 00| 0
007 ta
008 220927b |||||||| |||| 00| 0 eng d
024 _a77291
037 _cTextual
040 _aSDCL
_cSDCL
_beng
041 _2eng
_aeng
082 _aX:8K, N1
100 _aBarfiled Jesse T
_9510587
245 0 _aCost accounting.
260 _c1991
942 _hX:8K, N1
_cTEXL
_2CC
999 _c830688
_d830688